000 01351cam a2200409 a 4500
001 16067880
003 OSt
005 20170105102900.0
008 100125s2011 enkab b 001 0 eng
010 _a 2010003328
020 _a9780415585880 (hardback)
020 _a0415585880 (hardback)
020 _a9780415585897 (pbk.)
020 _a0415585899 (pbk.)
020 _a9780203846865 (ebook)
020 _a0203846869 (ebook)
035 _a(OCoLC)ocn502304919
040 _aDLC
_cDLC
_dYDX
_dYDXCP
_dCDX
_dBWX
_dDLC
042 _apcc
043 _aa-ii---
050 0 0 _aJQ231
_b.M56 2011
082 0 0 _a320.954
_222
_bMIT 2011
100 1 _aMitra, Subrata Kumar,
_d1949-
245 1 0 _aPolitics in India :
_bstructure, process and policy /
_cSubrata K. Mitra.
260 _aLondon ;
_aNew York :
_bRoutledge,
_c2011.
300 _axxi, 266 p. :
_bill., maps ;
_c25 cm.
504 _aIncludes bibliographical references and index.
650 0 _aDemocracy
_zIndia.
650 0 _aPostcolonialism
_zIndia.
650 0 _aComparative government.
651 0 _aIndia
_xPolitics and government.
651 0 _aIndia
_xSocial conditions.
651 0 _aIndia
_xEconomic conditions.
906 _a7
_bcbc
_corignew
_d1
_eecip
_f20
_gy-gencatlg
942 _2ddc
_cBK
999 _c14605
_d14605